Países e comidas - Statistics

Estatísticas Gerais
  • Esse quiz foi jogado 931 vezes
    892 desde o último reset
  • A pontuação média é 11 de 15
Estatísticas das Respostas
Hint Resposta % Correto
Pizza Itália
98%
Sushi Japão
98%
Feijoada Brasil
97%
Hambúrguer Estados unidos
97%
Tacos México
97%
Crepes França
90%
Pastel de nata Portugal
90%
Paella Espanha
89%
Alfajores Argentina
79%
Mandala dosa Índia
64%
Irish stew Irlanda
62%
Moussaka Grécia
48%
Som tam Tailândia
45%
Pavlova Nova Zelândia
26%
Laksa soup Malásia
21%
Nenhum quiz correspondente encontrado
Distribuição das Pontuações
Porcentagem de Pessoas com Cada Pontuação
Percentil de Números Respondidos
Sua Pontuação Histórica
Você não jogou esse quiz desde o último reset